Problemy i fazy integracji gospodarczej regionów ziem zachodnich i północnych oraz ziem dawnych Polski w latach 1945-1989
| Titel: | Problemy i fazy integracji gospodarczej regionów ziem zachodnich i północnych oraz ziem dawnych Polski w latach 1945-1989 |
|---|---|
| Verfasser: | |
| In: |
Powszechny Zjazd Historyków Polskich (16 : 1999 : Breslau): XVI Powszechny Zjazd Historyków Polskich ; 3,2, (2002), Seite 381-391 alle Artikel anzeigen |
| Veröffentlicht: | 2002 |
| Format: | Aufsatz |
| Sprache: | Polnisch |
X
alg: 39388562 001A $01999:12-11-16 001B $01999:07-04-21 $t19:51:08.000 001D $01999:12-11-16 001U $0utf8 001X $00 002@ $0Aox 003@ $0393885623 007A $0393885623 $aHEB 007T $0Herdk23262 010@ $apol 011@ $a2002 021A $aProblemy i fazy integracji gospodarczej regionów ziem zachodnich i północnych oraz ziem dawnych Polski w latach 1945-1989 027A $aProbleme und Phasen der wirtschaftlichen Integration der Regionen der West- und Nordgebiete und der früheren Gebiete Polens in den Jahren 1945-1989 028A $aKociszewski $dJerzy 031A $h381-391 $j2002 039B $aIn $8--Afu--Powszechny Zjazd Historyków Polskich$n16$d1999$cBreslau [Tf1]. XVI Powszechny Zjazd Historyków Polskich ; 3,2. - Toruń : Marszałek, 2002. - 567 Seiten. - ISBN 83-7322-173-5 $x200200000000000619 $9176397957 045F $a900.94380904 $eDDC23BSB 045F/01 $a900 045F/03 $f0904 045F/03 $g438 045F/03 $g4382 045F/03 $g43816 046C $aProbleme und Phasen der wirtschaftlichen Integration der Regionen der West- und Nordgebiete und der früheren Gebiete Polens in den Jahren 1945-1989 $bÜbers. des Hauptsacht. lok: 39388562 78 exp: 39388562 78 1 #EPN 201B/01 $005-12-17 $t23:51:20.000 201U/01 $0utf8 203@/01 $0789996146 208@/01 $a12-11-16 $be 209A/01 $a/ $f000 $x00 220C/01 $aTitelaufnehmer: pbb 220C/01 $aHerkunft: IH PAN/PBB Kraków 244Z/01 $2Trx $#Poola $#Lenkija $#Polija $#Polen Land $#Poland $#Lengyelország $#Poľsko $#Polsko $8--Trx--Polska$gkraj $x01 $9391345966 244Z/01 $2Trx $#Pomeranija $#Pommern $#Pomoransko $#Pomořansko $#Hinterpommern;Vorpommern;Mittelpommern $#Pomorze Środkowe;Pomorze Przednie $#Pomořansko;Západní Pomořany; Pomořany $8--Trx--Pomorze Zachodnie $x02 $9391303775 244Z/01 $2Trx $#Silesia $#Śląsk $#Sliezsko $#Slezsko $8--Trx--Schlesien $x03 $9391173987 244Z/01 $2Trx $#Prusy Wschodnie i Zachodnie $8--Trx--Ost- und Westpreußen $x04 $939113373X 244Z/01 $#Ehemalige deutsche Ostgebiete $#Ostgebiete des Deutschen Reiches $#Kresy wschodnie byłe niemieckie $#Eastern Territories Former German $#Ziemie Zachodnie i Północne $74070350-2 $8--Tg1--Deutsche Ostgebiete $x05 $9085197912 244Z/01 $aGeschichte 1945-1989 $x06 244Z/01 $2Trx $#integratsioonipoliitika, Poola $#Lenkijos integracinė politika $#policy of integration, Polish $#integráció politika, lengyel $#polityka narodowościowa polska $#politika integračná poľská $#politika integrační polská $#Polonisierung $#polonizacja $#polonizácia $#polonizace $8--Trx--Integrationspolitik, polnische $x07 $9391375237 244Z/01 $2Trx $8--Trx--Einzelbeiträge $x08 $9391384570 245Z/01 $a06.04.04 $x01 247C/01 $82080>Marburg/Lahn, Herder-Institut, Forschungsbibliothek, Bibliographieportal $9336309341
| LEADER | 00000caa a22000002c 4500 | ||
|---|---|---|---|
| 001 | 393885623 | ||
| 003 | DE-603 | ||
| 005 | 20210407195108.0 | ||
| 007 | tu | ||
| 008 | 161112s2002 xx |||| | u00||u|pol c | ||
| 035 | |a (DE-599)HEB393885623 | ||
| 040 | |a DE-603 |b ger |c DE-603 |d DE-603 | ||
| 041 | |a pol | ||
| 082 | 0 | 4 | |8 1\u |a 900.94380904 |q DE-101 |2 23/BSB |
| 085 | |8 1\u |b 900 | ||
| 085 | |8 1\u |z 1 |s 0904 | ||
| 085 | |8 1\u |z 2 |s 438 | ||
| 085 | |8 1\u |z 2 |s 4382 | ||
| 085 | |8 1\u |z 2 |s 43816 | ||
| 100 | 1 | |a Kociszewski, Jerzy | |
| 245 | 0 | 0 | |a Problemy i fazy integracji gospodarczej regionów ziem zachodnich i północnych oraz ziem dawnych Polski w latach 1945-1989 |
| 246 | 1 | |i Übers. des Hauptsacht. |a Probleme und Phasen der wirtschaftlichen Integration der Regionen der West- und Nordgebiete und der früheren Gebiete Polens in den Jahren 1945-1989 | |
| 246 | 1 | 3 | |a Probleme und Phasen der wirtschaftlichen Integration der Regionen der West- und Nordgebiete und der früheren Gebiete Polens in den Jahren 1945-1989 |
| 264 | 0 | |c 2002 | |
| 773 | 0 | 8 | |i In |a Powszechny Zjazd Historyków Polskich (16 : 1999 : Breslau) |t XVI Powszechny Zjazd Historyków Polskich ; 3,2 |d Toruń : Marszałek, 2002 |h 567 Seiten |z 8373221735 |g (2002), Seite 381-391 |w (DE-603)176397957 |
| 924 | 0 | |9 2080 |a (DE-603)789996146 |b DE-2080 |c HES |d d |g / | |


